<?xml version="1.0" encoding="UTF-8"?>
<record
    xmlns:xsi="http://www.w3.org/2001/XMLSchema-instance"
    xsi:schemaLocation="http://www.loc.gov/MARC21/slim http://www.loc.gov/standards/marcxml/schema/MARC21slim.xsd"
    xmlns="http://www.loc.gov/MARC21/slim">

  <leader>01230nam a2200265 u 4500</leader>
  <controlfield tag="001">1489436</controlfield>
  <controlfield tag="005">20260508092356.0</controlfield>
  <controlfield tag="007">co|||||||</controlfield>
  <controlfield tag="008">180322s2010                        spa  </controlfield>
  <datafield tag="035" ind1=" " ind2=" ">
    <subfield code="a">1489436</subfield>
  </datafield>
  <datafield tag="040" ind1=" " ind2=" ">
    <subfield code="c">comduadb</subfield>
  </datafield>
  <datafield tag="041" ind1=" " ind2=" ">
    <subfield code="a">spa</subfield>
  </datafield>
  <datafield tag="080" ind1=" " ind2=" ">
    <subfield code="a">WW</subfield>
  </datafield>
  <datafield tag="100" ind1="1" ind2="0">
    <subfield code="a">Dorado Romero, Darlis</subfield>
    <subfield code="4">aut</subfield>
    <subfield code="e">aut</subfield>
    <subfield code="9">763945</subfield>
  </datafield>
  <datafield tag="245" ind1="1" ind2="0">
    <subfield code="a">Manual de cirug&#xED;a oftalmol&#xF3;gica para instrumentaci&#xF3;n quir&#xFA;rgica</subfield>
  </datafield>
  <datafield tag="260" ind1=" " ind2=" ">
    <subfield code="a">Apartad&#xF3; :</subfield>
    <subfield code="b">Autores (as),</subfield>
    <subfield code="c">2010.</subfield>
  </datafield>
  <datafield tag="300" ind1=" " ind2=" ">
    <subfield code="a">CD-ROM (103 p&#xE1;ginas) :</subfield>
    <subfield code="b">ilustraciones a color</subfield>
  </datafield>
  <datafield tag="505" ind1=" " ind2=" ">
    <subfield code="a">CONTENIDO: Introducci&#xF3;n. -- Glosario. -- Historia de la oftalmolog&#xED;a. -- Anatom&#xED;a del ojo. -- Fisiolog&#xED;a de la visi&#xF3;n. -- Medicamentos y dispositivos. -- Descripci&#xF3;n de procedimientos. -- Instrumental. -- Material m&#xE9;dico quir&#xFA;rgico. -- Medicamentos. -- Suturas. -- T&#xE9;cnicas quir&#xFA;rgicas. -- Bibliograf&#xED;a.</subfield>
  </datafield>
  <datafield tag="650" ind1=" " ind2=" ">
    <subfield code="a">Procedimientos quir&#xFA;rgicos oftalmol&#xF3;gicos</subfield>
    <subfield code="9">113197</subfield>
  </datafield>
  <datafield tag="650" ind1=" " ind2=" ">
    <subfield code="a">Instrumentador quir&#xFA;rgico</subfield>
    <subfield code="9">166731</subfield>
  </datafield>
  <datafield tag="650" ind1=" " ind2=" ">
    <subfield code="a">T&#xE9;cnicas quir&#xFA;rgicas</subfield>
    <subfield code="9">69832</subfield>
  </datafield>
  <datafield tag="700" ind1="1" ind2="0">
    <subfield code="a">Chaverra Valencia, Levenson</subfield>
    <subfield code="4">aut</subfield>
    <subfield code="e">aut</subfield>
    <subfield code="9">764232</subfield>
  </datafield>
  <datafield tag="787" ind1="0" ind2="8">
    <subfield code="i">Disponible en otros formatos</subfield>
    <subfield code="t">Manual de cirug&#xED;a oftalmol&#xF3;gica para instrumentaci&#xF3;n quir&#xFA;rgica</subfield>
    <subfield code="d">2010</subfield>
    <subfield code="w">1487379</subfield>
  </datafield>
  <datafield tag="942" ind1=" " ind2=" ">
    <subfield code="c">BOOK</subfield>
  </datafield>
  <datafield tag="999" ind1=" " ind2=" ">
    <subfield code="c">773841</subfield>
    <subfield code="d">773841</subfield>
  </datafield>
  <datafield tag="952" ind1=" " ind2=" ">
    <subfield code="0">0</subfield>
    <subfield code="1">0</subfield>
    <subfield code="4">0</subfield>
    <subfield code="7">0</subfield>
    <subfield code="8">AUDIOVISUA</subfield>
    <subfield code="a">BM</subfield>
    <subfield code="b">BM</subfield>
    <subfield code="d">2018-03-22</subfield>
    <subfield code="e">Material adquirido por donaci&#xF3;n</subfield>
    <subfield code="i">C1280713</subfield>
    <subfield code="l">0</subfield>
    <subfield code="o">WW168 D6-10 CD-ROM</subfield>
    <subfield code="p">61000000129797</subfield>
    <subfield code="r">2023-05-04 00:00:00</subfield>
    <subfield code="t">1</subfield>
    <subfield code="w">2023-05-04</subfield>
    <subfield code="y">DIGITAL</subfield>
  </datafield>
</record>
